000 00247nam a22001217a 4500
008 181217b xxu||||| |||| 00| 0 eng d
041 _aeng
080 _a371
100 _a46
101 _aEDU
245 _aStudent Handbook 2
942 _2udc
_cBK
999 _c53223
_d53223